| 000 | 00466cam a2200181ua 4500 | ||
|---|---|---|---|
| 020 | _c15.00 | ||
| 041 |
_aeng _h |
||
| 082 |
_a636.5 _bHAR/LI |
||
| 100 | _aHarban, Sing . | ||
| 245 |
_aLive stock and poultry production / _cHarban Sing. _hTextual Documents |
||
| 250 |
_a1 / _b. |
||
| 260 |
_aNew Delhi : _bPrentice Hall of India Pvt Ltd. , _c1978. |
||
| 365 | _a15.00 | ||
| 504 | _a | ||
| 700 | 1 | _aMoore, Eari.N . | |
| 942 | _cBK | ||
| 999 |
_c2064 _d2064 |
||